Sports Quiz

Random Sports Quiz

0.0 Quarterback Rating Quiz Stats

 Plays Quiz not verified by Sporcle

Also try: NHL Vezina Trophy
Challenge
Share
Tweet
Embed
Score 0/66 Timer 12:00
0 Plays Today
Date Quarterback % Correct
11-25-1974Archie Manning
55.9%
12-12-2004Eli Manning
55.9%
9-20-1998Ryan Leaf
40.2%
12-31-2006Rex Grossman
40.2%
12-13-1970Terry Bradshaw
26.8%
12-20-1975Terry Bradshaw
26.8%
12-12-1982Terry Bradshaw
26.8%
10-20-1968Johnny Unitas
26%
12-17-2006Joey Harrington
23.6%
9-29-1974Joe Namath
22.8%
12-12-1976Joe Namath
22.8%
11-10-1985Warren Moon
19.7%
11-30-1986Warren Moon
19.7%
12-14-1997Trent Dilfer
18.1%
9-28-1968Bob Griese
15.7%
12-14-2003Tim Hasselbeck
14.2%
10-15-1995Tommy Maddox
13.4%
9-19-2004Jeff Garcia
13.4%
12-27-1953Otto Graham
12.6%
10-13-1962John Hadl
12.6%
11-22-1970Len Dawson
12.6%
11-28-1971John Hadl
12.6%
10-5-1975Dan Fouts
12.6%
1-3-1988Dave Wilson
12.6%
12-1-1996Dave Brown
12.6%
10-12-1997Kent Graham
12.6%
10-22-1961John Brodie
11%
10-19-1969Virgil Carter
11%
12-5-1965Jack Kemp
9.4%
9-29-1970Billy Kilmer
9.4%
9-19-1965Earl Morrall
8.7%
1-15-1978Craig Morton
8.7%
10-15-2000Scott Mitchell
8.7%
Date Quarterback % Correct
11-8-1992Todd Marinovich
7.9%
11-14-1976Norm Snead
7.1%
10-2-1960King Hill
6.3%
10-9-1972Dan Pastorini
6.3%
12-9-1973Bob Lee
6.3%
12-12-1976Richard Todd
6.3%
9-9-1979Dan Pastorini
6.3%
12-16-2007Chris Redman
6.3%
9-19-1965Dick Wood
5.5%
9-9-1966Dick Wood
5.5%
10-15-1967Joe Kapp
5.5%
11-21-1971Bobby Douglass
5.5%
9-24-1972Greg Landry
5.5%
9-21-1975James Harris
5.5%
12-25-2000Anthony Wright
4.7%
12-11-1971Gary Cuozzo
3.9%
11-15-1970Terry Hanratty
2.4%
9-9-1979Mike Livingston
2.4%
12-12-1982Cliff Stoudt
1.6%
10-26-1997Tony Graziani
1.6%
10-27-2002Randy Fasani
1.6%
12-19-1948Tommy Tompson
0.8%
10-14-1962Cotton Davidson
0.8%
11-18-1962Cotton Davidson
0.8%
19-11-1964Bill Munson
0.8%
12-9-1967Don Trull
0.8%
10-11-1970Mike Taliaferro
0.8%
12-9-1973Gary Keithley
0.8%
12-16-1973Gary Keithley
0.8%
9-9-1962Al Dorow
0%
10-3-1970Don Gault
0%
10-25-1970Rick Arrington
0%
10-3-1971Kent Nix
0%

You're not logged in!

Compare scores with friends on all Sporcle quizzes.
Join for Free
OR
Log In

You Might Also Like...

Show Comments

Extras

Top Quizzes Today


Score Distribution

Your Account Isn't Verified!

In order to create a playlist on Sporcle, you need to verify the email address you used during registration. Go to your Sporcle Settings to finish the process.

Report this User

Report this user for behavior that violates our Community Guidelines.

Details: